[Event "Turkish Super League 2019"]
[Site "Konya"]
[Date "2019.07.28"]
[Round "13"]
[White "Lobanov, Sergei"]
[Black "Cansun, Can Alp"]
[Result "1-0"]
[WhiteElo "2505"]
[BlackElo "2121"]
[Annotator "ChessBase"]
[PlyCount "72"]
[EventDate "2019.07.17"]
[EventType "team-tourn"]
[EventCountry "TUR"]
[SourceTitle "playchess.com"]
[Source "ChessBase"]
[SourceQuality "1"]
[TimeControl "40/5400+30:1800+30"]

1. e4 {[%emt 0:00:30]} c5 {[%emt 0:00:30]} 2. Nf3 {[%emt 0:00:00]} e6 {[%emt 0:00:00]} 3. d4 {[%emt 0:00:00]} cxd4 {[%emt 0:00:00]} 4. Nxd4 {[%emt 0:00:00]} a6 {[%emt 0:00:30]} 5. Nc3 {[%emt 0:00:00]} Qc7 {[%emt 0:00:00]} 6. Bd3 {[%emt 0:00:30]} Nf6 {[%emt 0:01:00]} 7. f4 {[%emt 0:00:30]} b5 {[%emt 0:02:30]} 8. e5 {[%emt 0:00:30]} b4 {[%emt 0:00:30]} 9. Na4 {[%emt 0:00:30]} Nd5 {[%emt 0:00:00]} 10. O-O {[%emt 0:01:30]} Bb7 {[%emt 0:00:00]} 11. Be4 {[%emt 0:04:30]} Nc6 {[%emt 0:11:30]} 12. Bxd5 {[%emt 0:01:30]} exd5 {[%emt 0:00:30]} 13. Be3 {[%emt 0:01:30]} Nxd4 {[%emt 0:03:30]} 14. Qxd4 {[%emt 0:01:30]} Rc8 {[%emt 0:01:30]} 15. b3 {[%emt 0:00:30]} Be7 {[%emt 0:04:30]} 16. Rac1 {[%emt 0:02:30]} d6 {[%emt 0:19:30]} 17. c3 {[%emt 0:08:30]} dxe5 {[%emt 0:05:30]} 18. fxe5 {[%emt 0:00:30]} bxc3 {[%emt 0:00:30]} 19. Rxc3 {[%emt 0:00:30]} Qb8 {[%emt 0:01:30]} 20. Rfc1 {[%emt 0:13:30]} O-O {[%emt 0:01:30]} 21. Nb6 {[%emt 0:00:00]} Rxc3 {[%emt 0:00:30]} 22. Qxc3 {[%emt 0:00:00]} d4 {[%emt 0:07:30]} 23. Bxd4 {[%emt 0:01:30]} Qd8 {[%emt 0:01:30]} 24. Re1 {[%emt 0:09:30]} Bh4 {[%emt 0:00:30]} 25. g3 {[%emt 0:00:30]} Qg5 {[%emt 0:05:30]} 26. Qe3 {[%emt 0:05:30]} Qg4 {[%emt 0:03:30]} 27. e6 {[%emt 0:04:30]} Bxg3 {[%emt 0:22:16]} 28. hxg3 {[%emt 0:00:30]} Qh5 {[%emt 0:00:30]} 29. exf7+ {[%emt 0:00:30]} Kh8 {[%emt 0:00:00]} 30. Qf4 {[%emt 0:05:30]} Bc6 {[%emt 0:00:00]} 31. Rf1 {[%emt 0:01:30]} h6 {[%emt 0:00:38]} 32. Bxg7+ {[%emt 0:00:30]} Kxg7 {[%emt 0:00:39]} 33. Qf6+ {[%emt 0:00:30]} Kh7 {[%emt 0:00:30]} 34. Qxc6 {[%emt 0:00:30]} Rxf7 {[%emt 0:00:00]} 35. Rxf7+ {[%emt 0:00:00]} Qxf7 {[%emt 0:00:03]} 36. Qd7 {[%emt 0:00:00]} Kg6 {[%emt 0:00:38]} 1-0

[Event "Turkish Super League 2019"]
[Site "Konya"]
[Date "2019.07.28"]
[Round "13"]
[White "Esen, Baris"]
[Black "Rasulov, Vugar"]
[Result "1-0"]
[WhiteElo "2478"]
[BlackElo "2534"]
[Annotator "ChessBase"]
[PlyCount "101"]
[EventDate "2019.07.17"]
[EventType "team-tourn"]
[EventCountry "TUR"]
[SourceTitle "playchess.com"]
[Source "ChessBase"]
[SourceQuality "1"]
[TimeControl "40/5400+30:1800+30"]

1. Nf3 {[%emt 0:01:30]} g6 {[%emt 0:00:30]} 2. e4 {[%emt 0:00:30]} Bg7 {[%emt 0:00:30]} 3. d4 {[%emt 0:00:30]} d6 {[%emt 0:00:30]} 4. c3 {[%emt 0:00:00]} Nd7 {[%emt 0:01:30]} 5. Bd3 {[%emt 0:00:00]} e5 {[%emt 0:00:30]} 6. O-O {[%emt 0:01:30]} Ngf6 {[%emt 0:00:30]} 7. Be3 {[%emt 0:00:30]} O-O {[%emt 0:00:30]} 8. Nbd2 {[%emt 0:00:00]} Ng4 {[%emt 0:01:30]} 9. Bg5 {[%emt 0:00:00]} f6 {[%emt 0:00:00]} 10. Bh4 {[%emt 0:00:30]} h5 {[%emt 0:00:00]} 11. Ne1 {[%emt 0:04:30]} Nh6 {[%emt 0:02:30]} 12. f3 {[%emt 0:00:30]} Nf7 {[%emt 0:00:30]} 13. Nc2 {[%emt 0:00:30]} Bh6 {[%emt 0:00:30]} 14. a4 {[%emt 0:01:30]} Kg7 {[%emt 0:00:30]} 15. a5 {[%emt 0:00:30]} a6 {[%emt 0:00:30]} 16. b4 {[%emt 0:00:30]} Bg5 {[%emt 0:00:30]} 17. Bf2 {[%emt 0:00:30]} h4 {[%emt 0:00:30]} 18. Ne3 {[%emt 0:07:30]} Rh8 {[%emt 0:03:30]} 19. Qc2 {[%emt 0:02:30]} Nf8 {[%emt 0:01:30]} 20. d5 {[%emt 0:06:30]} Nh6 {[%emt 0:05:30]} 21. Rfd1 {[%emt 0:02:30]} Qd7 {[%emt 0:13:30]} 22. c4 {[%emt 0:03:30]} f5 {[%emt 0:05:30]} 23. h3 {[%emt 0:03:30]} Bf4 {[%emt 0:04:30]} 24. c5 {[%emt 0:00:30]} Qd8 {[%emt 0:18:30]} 25. exf5 {[%emt 0:04:30]} Bxe3 {[%emt 0:00:30]} 26. Bxe3 {[%emt 0:00:30]} Nxf5 {[%emt 0:00:30]} 27. Bf2 {[%emt 0:00:30]} Nh7 {[%emt 0:01:30]} 28. Nc4 {[%emt 0:11:30]} Ng5 {[%emt 0:05:30]} 29. cxd6 {[%emt 0:02:30]} cxd6 {[%emt 0:04:30]} 30. Nb6 {[%emt 0:00:30]} Rb8 {[%emt 0:04:30]} 31. Rac1 {[%emt 0:01:30]} Kh6 {[%emt 0:09:17]} 32. Qd2 {[%emt 0:02:30]} Bd7 {[%emt 0:10:05]} 33. f4 {[%emt 0:05:30]} exf4 {[%emt 0:00:55]} 34. Qxf4 {[%emt 0:00:00]} Bb5 {[%emt 0:00:37]} 35. Bxf5 {[%emt 0:02:00]} gxf5 {[%emt 0:00:01]} 36. Bxh4 {[%emt 0:00:30]} Kg6 {[%emt 0:00:21]} 37. Rd4 {[%emt 0:13:30]} Qf6 {[%emt 0:00:00]} 38. Bxg5 {[%emt 0:00:30]} Qxg5 {[%emt 0:00:00]} 39. Qxd6+ {[%emt 0:00:30]} Qf6 {[%emt 0:00:00]} 40. Qg3+ {[%emt 0:00:30]} Kh6 {[%emt 0:00:00]} 41. Rf4 {[%emt 0:33:30]} Rbg8 {[%emt 0:00:00]} 42. Qf3 {[%emt 0:00:30]} Kg6 {[%emt 0:00:00]} 43. Rc2 {[%emt 0:00:30]} Qe5 {[%emt 0:00:00]} 44. Rf2 {[%emt 0:00:30]} Rh5 {[%emt 0:00:00]} 45. g4 {[%emt 0:00:30]} Rxh3 {[%emt 0:00:14]} 46. Qxh3 {[%emt 0:00:30]} Rh8 {[%emt 0:10:30]} 47. Qg2 {[%emt 0:01:02]} Qe1+ {[%emt 0:00:30]} 48. Rf1 {[%emt 0:00:29]} Qe3+ {[%emt 0:04:30]} 49. R4f2 {[%emt 0:03:36]} Rh3 {[%emt 0:00:30]} 50. gxf5+ {[%emt 0:00:30]} Kh7 {[%emt 0:00:30]} 51. Qxh3+ {[%emt 0:00:30]} 1-0

[Event "Turkish Super League 2019"]
[Site "Konya"]
[Date "2019.07.28"]
[Round "13"]
[White "Benidze, Davit"]
[Black "Yilmaz, Mustafa"]
[Result "1/2-1/2"]
[WhiteElo "2469"]
[BlackElo "2618"]
[Annotator "TA"]
[PlyCount "58"]
[EventDate "2019.07.17"]
[EventType "team-tourn"]
[EventCountry "TUR"]
[SourceTitle "playchess.com"]
[Source "ChessBase"]
[SourceQuality "1"]

{[%evp 27,58,-16,16,0,0,-14,-11,-17,-20,-18,-18,-24,-7,-10,-17,-17,-11,-14,-14,-12,0,0,0,0,0,0,0,0,0,0,0,0,0]} 1. Nf3 d5 2. g3 g6 3. Bg2 Bg7 4. O-O e5 5. d3 Ne7 6. e4 O-O 7. c3 a5 8. a4 Nbc6 9. Na3 h6 10. exd5 Nxd5 11. Re1 Re8 12. Nc4 Bf5 13. Nh4 Be6 14. Nf3 Bf5 15. Nh4 {A07: Réti Opening: New York and Capablanca Systems} (15. h3 Nb6 16. Nxb6 cxb6 17. Be3 Bxd3 18. Bxb6 Qxb6 19. Qxd3 Qxb2 20. Rab1 e4 21. Rxe4 Qxc3 22. Rxe8+ Rxe8 23. Qxc3 Bxc3 24. Rxb7 Ne5 25. Nxe5 Rxe5 26. Bf1 {½-½ (26) Kramnik,V (2783)-Anand,V (2797) Zuerich 2015}) 15... Be6 16. Nf3 {[%cal Rf3e5]} f6 17. Qc2 Bf7 18. b3 Qd7 19. Bb2 {[#]} Rad8 $146 ({Predecessor:} 19... g5 20. h3 Bg6 21. Rad1 Rad8 22. Qc1 Qf7 {0-1 (67) Ghasi,A (2462)-Vakhidov,J (2508) Southend 2015}) 20. Rad1 {The position is equal.} g5 21. d4 exd4 $1 22. Nxd4 Nxd4 23. cxd4 b6 24. Be4 Bf8 25. Bf5 Qc6 26. Bg6 {[#] Threatens to win with Bxf7+.} Qd7 27. Bf5 Qc6 28. Bg6 {Bxf7+ is the strong threat.} Qd7 29. Bf5 Qc6 {Accuracy: White = 73%, Black = 80%.} 1/2-1/2

[Event "Turkish Super League 2019"]
[Site "Konya"]
[Date "2019.07.28"]
[Round "13"]
[White "Haznedaroglu, Kivanc"]
[Black "Soysal, Serkan"]
[Result "1-0"]
[WhiteElo "2448"]
[BlackElo "2431"]
[Annotator "NA"]
[PlyCount "55"]
[EventDate "2019.07.17"]
[EventType "team-tourn"]
[EventCountry "TUR"]
[SourceTitle "playchess.com"]
[Source "ChessBase"]
[SourceQuality "1"]
[TimeControl "40/5400+30:1800+30"]

1. e4 {[%emt 0:00:30]} e5 {[%emt 0:00:30]} 2. Nf3 {[%emt 0:00:30]} Nc6 {[%emt 0:00:30]} 3. d4 {[%emt 0:00:00]} exd4 {[%emt 0:00:30]} 4. Nxd4 {[%emt 0:00:00]} Bb4+ {[%emt 0:00:30]} 5. c3 {[%emt 0:00:00]} Be7 {[%emt 0:00:30]} 6. Bc4 {[%emt 0:01:00]} d6 {[%emt 0:04:30]} 7. O-O {[%emt 0:02:30]} Nf6 {[%emt 0:00:30]} 8. Re1 {[%emt 0:00:30]} O-O {[%emt 0:00:00]} 9. Bf4 {[%emt 0:00:30]} Ne5 {[%emt 0:03:00]} 10. Bb3 {[%emt 0:01:30]} c6 {[%emt 0:00:30]} 11. Bg3 {[%emt 0:04:30]} Ng6 {[%emt 0:09:30]} 12. Nd2 {[%emt 0:04:30]} Re8 {[%emt 0:04:30]} 13. h3 {[%emt 0:04:30]} Bf8 {[%emt 0:06:30]} 14. f4 {[%emt 0:02:30]} Nd7 {[%emt 0:01:30]} 15. Qh5 {[%emt 0:03:30]} Nf6 {[%emt 0:05:30]} 16. Qf3 {[%emt 0:00:30]} Nd7 {[%emt 0:03:30]} 17. Rad1 {[%emt 0:08:30]} a5 {[%emt 0:00:30]} 18. a3 {[%emt 0:10:30]} a4 {[%emt 0:00:30]} 19. Ba2 {[%emt 0:00:00]} Nc5 {[%emt 0:03:30]} 20. Nc4 {[%emt 0:04:00]} Qc7 {[%emt 0:04:30]} 21. e5 {[%emt 0:04:30]} d5 {[%emt 0:08:30]} 22. f5 {[%emt 0:04:30]} dxc4 {[%emt 0:12:30]} 23. e6 {[%emt 0:01:30]} Nh4 {[%emt 0:04:30]} 24. Qg4 {[%emt 0:01:30]} Bd6 {[%emt 0:04:30]} 25. Bxd6 {[%emt 0:02:30]} Qxd6 {[%emt 0:01:30]} 26. exf7+ {[%emt 0:00:30]} Kxf7 {[%emt 0:00:30]} 27. Bxc4+ {[%emt 0:00:00]} Kf8 {[%emt 0:00:30]} 28. Ne6+ {[%emt 0:00:00]} 1-0

[Event "Turkish Super League 2019"]
[Site "Konya"]
[Date "2019.07.28"]
[Round "13"]
[White "Daulyte-Cornette, Deimante"]
[Black "Caglar, Sila"]
[Result "1-0"]
[WhiteElo "2444"]
[BlackElo "2306"]
[Annotator "NA"]
[PlyCount "73"]
[EventDate "2019.07.17"]
[EventType "team-tourn"]
[EventCountry "TUR"]
[SourceTitle "playchess.com"]
[Source "ChessBase"]
[SourceQuality "1"]
[TimeControl "40/5400+30:1800+30"]

1. e4 {[%emt 0:00:30]} c5 {[%emt 0:00:30]} 2. Nf3 {[%emt 0:00:30]} e6 {[%emt 0:00:00]} 3. g3 {[%emt 0:00:00]} d5 {[%emt 0:05:00]} 4. exd5 {[%emt 0:00:00]} exd5 {[%emt 0:00:30]} 5. d4 {[%emt 0:00:00]} Nc6 {[%emt 0:06:30]} 6. Bg2 {[%emt 0:01:00]} Bg4 {[%emt 0:02:30]} 7. O-O {[%emt 0:00:30]} Nxd4 {[%emt 0:10:30]} 8. Qe1+ {[%emt 0:00:30]} Be7 {[%emt 0:02:30]} 9. Nxd4 {[%emt 0:01:30]} cxd4 {[%emt 0:01:30]} 10. Qe5 {[%emt 0:00:30]} Nf6 {[%emt 0:00:30]} 11. Qxd4 {[%emt 0:00:30]} O-O {[%emt 0:00:30]} 12. Nc3 {[%emt 0:01:30]} Bf5 {[%emt 0:01:30]} 13. Re1 {[%emt 0:35:30]} Bxc2 {[%emt 0:07:30]} 14. Bg5 {[%emt 0:00:30]} h6 {[%emt 0:02:30]} 15. Rxe7 {[%emt 0:07:30]} hxg5 {[%emt 0:02:30]} 16. Rxb7 {[%emt 0:01:30]} Be4 {[%emt 0:03:30]} 17. Rxa7 {[%emt 0:03:30]} Bxg2 {[%emt 0:06:30]} 18. Kxg2 {[%emt 0:02:30]} Rb8 {[%emt 0:00:30]} 19. b4 {[%emt 0:08:30]} Qd6 {[%emt 0:00:30]} 20. a3 {[%emt 0:01:30]} Rfc8 {[%emt 0:00:30]} 21. Rd1 {[%emt 0:01:30]} Qc6 {[%emt 0:01:30]} 22. Rd3 {[%emt 0:00:30]} Ra8 {[%emt 0:01:30]} 23. b5 {[%emt 0:02:30]} Qc4 {[%emt 0:05:30]} 24. Rxa8 {[%emt 0:02:30]} Rxa8 {[%emt 0:00:30]} 25. a4 {[%emt 0:00:30]} Rc8 {[%emt 0:00:30]} 26. Nxd5 {[%emt 0:04:30]} Nxd5 {[%emt 0:01:30]} 27. Qxc4 {[%emt 0:05:40]} Rxc4 {[%emt 0:00:30]} 28. Rxd5 {[%emt 0:00:12]} Rxa4 {[%emt 0:00:30]} 29. Rxg5 {[%emt 0:00:00]} Rb4 {[%emt 0:00:00]} 30. Kf3 {[%emt 0:01:13]} g6 {[%emt 0:00:00]} 31. Ke3 {[%emt 0:01:19]} Kg7 {[%emt 0:00:30]} 32. Re5 {[%emt 0:01:43]} Kf6 {[%emt 0:00:30]} 33. f4 {[%emt 0:00:32]} Rb2 {[%emt 0:01:30]} 34. Kd4 {[%emt 0:00:50]} Rxh2 {[%emt 0:00:30]} 35. b6 {[%emt 0:00:44]} Rg2 {[%emt 0:01:30]} 36. Rb5 {[%emt 0:01:22]} Rd2+ {[%emt 0:00:30]} 37. Ke4 {[%emt 0:00:11]} 1-0

[Event "Turkish Super League 2019"]
[Site "Konya"]
[Date "2019.07.28"]
[Round "13"]
[White "Ozen, Deniz"]
[Black "Gadimbayli, Abdulla"]
[Result "1/2-1/2"]
[WhiteElo "2430"]
[BlackElo "2414"]
[Annotator "TA"]
[PlyCount "28"]
[EventDate "2019.07.17"]
[EventType "team-tourn"]
[EventCountry "TUR"]
[SourceTitle "playchess.com"]
[Source "ChessBase"]
[SourceQuality "1"]

{[%evp 27,28,0,0]} 1. e4 e5 2. Nf3 Nc6 3. Bb5 Nf6 4. O-O Nxe4 5. d4 Nd6 6. dxe5 Nxb5 7. a4 Nbd4 8. Nxd4 Nxd4 9. Qxd4 d6 $146 ({Predecessor:} 9... d5) 10. exd6 Qxd6 11. Qe4+ Qe6 12. Qd4 Qd6 13. Qe4+ Qe6 14. Qd4 Qd6 1/2-1/2

[Event "Turkish Super League 2019"]
[Site "Konya"]
[Date "2019.07.28"]
[Round "13"]
[White "Mammadzada, Gunay"]
[Black "Yildiz Kadioglu, Betul Cemre"]
[Result "1/2-1/2"]
[WhiteElo "2427"]
[BlackElo "2290"]
[Annotator "NA"]
[PlyCount "89"]
[EventDate "2019.07.17"]
[EventType "team-tourn"]
[EventCountry "TUR"]
[SourceTitle "playchess.com"]
[Source "ChessBase"]
[SourceQuality "1"]
[TimeControl "40/5400+30:1800+30"]

1. e4 {[%emt 0:00:30]} e5 {[%emt 0:00:30]} 2. Nf3 {[%emt 0:00:00]} Nc6 {[%emt 0:00:30]} 3. Bb5 {[%emt 0:00:00]} Nf6 {[%emt 0:00:00]} 4. O-O {[%emt 0:01:30]} Nxe4 {[%emt 0:01:00]} 5. d4 {[%emt 0:01:30]} Nd6 {[%emt 0:00:30]} 6. dxe5 {[%emt 0:00:30]} Nxb5 {[%emt 0:00:30]} 7. a4 {[%emt 0:00:30]} Nbd4 {[%emt 0:00:30]} 8. Nxd4 {[%emt 0:00:30]} d5 {[%emt 0:00:00]} 9. Nxc6 {[%emt 0:05:30]} bxc6 {[%emt 0:00:00]} 10. Nd2 {[%emt 0:03:30]} Be7 {[%emt 0:00:30]} 11. Nb3 {[%emt 0:07:30]} c5 {[%emt 0:00:00]} 12. Na5 {[%emt 0:07:30]} Qd7 {[%emt 0:00:00]} 13. c4 {[%emt 0:02:30]} d4 {[%emt 0:02:30]} 14. f4 {[%emt 0:01:30]} Qg4 {[%emt 0:05:30]} 15. Qb3 {[%emt 0:19:30]} O-O {[%emt 0:11:30]} 16. Bd2 {[%emt 0:10:30]} Qg6 {[%emt 0:06:30]} 17. Qf3 {[%emt 0:03:30]} Bf5 {[%emt 0:13:30]} 18. Rae1 {[%emt 0:04:30]} Rfe8 {[%emt 0:06:30]} 19. Nc6 {[%emt 0:04:30]} Bf8 {[%emt 0:00:30]} 20. b3 {[%emt 0:03:30]} h5 {[%emt 0:11:30]} 21. h3 {[%emt 0:01:30]} h4 {[%emt 0:07:30]} 22. Kh2 {[%emt 0:00:30]} Bd7 {[%emt 0:01:30]} 23. Na5 {[%emt 0:00:30]} Bf5 {[%emt 0:03:30]} 24. Rg1 {[%emt 0:02:44]} Qg3+ {[%emt 0:06:30]} 25. Qxg3 {[%emt 0:00:30]} hxg3+ {[%emt 0:00:30]} 26. Kxg3 {[%emt 0:00:00]} Rab8 {[%emt 0:00:00]} 27. Rc1 {[%emt 0:01:19]} f6 {[%emt 0:02:54]} 28. Rge1 {[%emt 0:04:03]} fxe5 {[%emt 0:00:51]} 29. Rxe5 {[%emt 0:00:26]} Rxe5 {[%emt 0:01:57]} 30. fxe5 {[%emt 0:00:30]} Rb6 {[%emt 0:00:30]} 31. b4 {[%emt 0:00:30]} cxb4 {[%emt 0:00:30]} 32. c5 {[%emt 0:06:26]} Re6 {[%emt 0:04:17]} 33. Bxb4 {[%emt 0:05:16]} Rxe5 {[%emt 0:00:57]} 34. Nc6 {[%emt 0:01:55]} Rd5 {[%emt 0:05:53]} 35. Nxa7 {[%emt 0:01:08]} d3 {[%emt 0:02:49]} 36. Nb5 {[%emt 0:00:08]} d2 {[%emt 0:03:43]} 37. Rd1 {[%emt 0:00:04]} Bc2 {[%emt 0:02:31]} 38. Rxd2 {[%emt 0:00:00]} Rxd2 {[%emt 0:00:00]} 39. Bxd2 {[%emt 0:00:29]} Bxa4 {[%emt 0:00:21]} 40. Nxc7 {[%emt 0:00:30]} Bxc5 {[%emt 0:00:30]} 41. Ne6 {[%emt 0:30:30]} Be7 {[%emt 0:04:17]} 42. Bc3 {[%emt 0:00:00]} g6 {[%emt 0:00:30]} 43. Be5 {[%emt 0:00:00]} Kf7 {[%emt 0:01:30]} 44. Nd4 {[%emt 0:00:00]} Bc5 {[%emt 0:02:30]} 45. Nf3 {[%emt 0:00:00]} 1/2-1/2

[Event "Turkish Super League 2019"]
[Site "Konya"]
[Date "2019.07.28"]
[Round "13"]
[White "Kerigan, Demre"]
[Black "Rakhmanov, Aleksandr"]
[Result "0-1"]
[WhiteElo "2398"]
[BlackElo "2615"]
[Annotator "TA"]
[PlyCount "124"]
[EventDate "2019.07.17"]
[EventType "team-tourn"]
[EventCountry "TUR"]
[SourceTitle "playchess.com"]
[Source "ChessBase"]
[SourceQuality "1"]

{[%evp 13,124,17,23,8,9,10,22,35,29,39,47,37,36,47,51,0,4,-19,0,0,0,0,0,-22,0,-52,-51,-52,-52,-66,-67,-63,-58,-53,-58,-58,-48,-92,-85,-107,-66,-83,-61,-79,-83,-194,-168,-257,-256,-291,-248,-247,-247,-249,-253,-276,-120,-118,-114,-127,-114,-113,-109,-116,-104,-126,-110,-118,-106,-106,-38,-45,-43,-79,-79,-87,-87,-87,-83,-80,-79,-104,-117,-127,-96,-154,-134,-122,-133,-163,-170,-164,-178,-154,-177,-185,-158,-310,-294,-328,-328,-324,-322,-310,-316,-313,-313,-304,-298,-299,-299,-740,-740]} 1. e4 c5 2. Nf3 Nf6 3. Nc3 d5 4. exd5 Nxd5 5. Bb5+ Bd7 6. Ne5 Nf6 7. Nxd7 Nbxd7 8. O-O {B29: Sicilian: 2 Nf3 Nf6 (Nimzowitsch Variation)} a6 9. Be2 e6 10. d4 {The position is equal.} Qc7 11. d5 e5 12. a4 Bd6 13. a5 {[#]} e4 $146 ({Predecessor:} 13... O-O 14. Ra4 Rae8 15. g4 Re7 {1-0 (41) Zeller,F (2396)-Rakhmanov,A (2627) Wunsiedel 2015}) 14. h3 O-O 15. Be3 Rae8 16. Ra4 Re7 17. Qd2 Rfe8 18. Kh1 Nf8 19. Rd1 (19. Bg5 $11) 19... Ng6 $1 $15 20. Rc4 Qxa5 21. Nxe4 Qxd2 22. Nxf6+ gxf6 23. Rxd2 b5 24. Rc3 $1 {[%cal Rc3a3]} c4 25. Bg4 Ne5 26. Rd4 Bb4 27. Bd2 Bc5 $36 {[%mdl 2048] Black fights for an advantage.} 28. Rf4 {Threatening Rg3.} Kg7 $1 29. g3 (29. Rg3 $17 {keeps fighting.} Ng6 30. Rf5) 29... Rd8 $19 30. Be3 (30. b3 $142) 30... Bb4 ({Weaker is} 30... Rxd5 31. Bxc5 Rxc5 32. Ra3 $17) 31. Bb6 Rd6 32. Bd4 Bxc3 ({Don't take} 32... Rxd5 33. Rcf3) 33. Bxc3 {Bb4 would now be nice for White.} Rxd5 34. Rf5 {White hopes to continue with f4.} Nxg4 (34... Re6 $19 {has better winning chances. Hoping for ...Rdd6.} 35. Bh5 Rd8) 35. Rxd5 $17 Nxf2+ $19 {[%mdl 4096] Endgame KRB-KRN} 36. Kg2 Ne4 $1 {[%cal Re4c3]} 37. Bd4 Re6 38. Kf3 Kg6 {Threatens to win with ...Ng5+.} 39. g4 Ng5+ 40. Kg3 Re2 41. Rf5 {[#]} Ne4+ ({Better is} 41... Rd2 $1 $17 {[%cal Rd2d4]} 42. Rxf6+ Kg7 43. Rf4+ Kf8) 42. Kf3 {And now Rf4 would win.} Re1 43. h4 Nd2+ 44. Kf2 Re6 45. h5+ Kg7 46. g5 {[%cal Rd4f6]} Kf8 47. gxf6 Ke8 48. Be5 Kd7 49. Ke3 {[#]} (49. Kg3 $142) 49... c3 $1 $17 {[%cal Rc3b2][%mdl 512] White must now prevent ...cxb2.} 50. b3 (50. bxc3 Nc4+) 50... Rc6 51. Bxc3 Nxb3 $1 ({Don't play} 51... Rxc3+ 52. Kxd2 Ke6 53. Rf1 $15) 52. Kd3 Nc5+ 53. Ke3 Ne6 54. Rd5+ Kc8 55. Be5 $2 (55. Ba5 $17 {is a better defense.}) 55... Rxc2 $19 56. Rd6 {Rxe6! is the strong threat.} Nc7 57. Kd3 Rc5 58. Kd4 Rc1 59. Rb6 Rc4+ 60. Kd3 Nd5 61. Rb8+ Kd7 62. Bd4 $2 (62. Ba1) 62... Nb4+ {Accuracy: White = 51%, Black = 78%.} 0-1

[Event "Turkish Super League 2019"]
[Site "Konya"]
[Date "2019.07.28"]
[Round "13"]
[White "Ertan, Can"]
[Black "Heberla, Bartlomiej"]
[Result "0-1"]
[WhiteElo "2396"]
[BlackElo "2534"]
[Annotator "ChessBase"]
[PlyCount "54"]
[EventDate "2019.07.17"]
[EventType "team-tourn"]
[EventCountry "TUR"]
[SourceTitle "playchess.com"]
[Source "ChessBase"]
[SourceQuality "1"]
[TimeControl "40/5400+30:1800+30"]

1. e4 {[%emt 0:00:30]} c5 {[%emt 0:00:30]} 2. Nf3 {[%emt 0:00:00]} d6 {[%emt 0:00:00]} 3. d4 {[%emt 0:00:00]} cxd4 {[%emt 0:00:00]} 4. Nxd4 {[%emt 0:00:30]} Nf6 {[%emt 0:00:30]} 5. Nc3 {[%emt 0:00:30]} a6 {[%emt 0:00:00]} 6. Be2 {[%emt 0:00:30]} Nbd7 {[%emt 0:00:00]} 7. f4 {[%emt 0:04:30]} g6 {[%emt 0:04:30]} 8. O-O {[%emt 0:05:30]} Bg7 {[%emt 0:00:00]} 9. Be3 {[%emt 0:09:30]} O-O {[%emt 0:03:00]} 10. a4 {[%emt 0:08:30]} Re8 {[%emt 0:12:30]} 11. Bc4 {[%emt 0:15:30]} e6 {[%emt 0:38:30]} 12. Ba2 {[%emt 0:11:30]} b6 {[%emt 0:08:30]} 13. e5 {[%emt 0:09:30]} dxe5 {[%emt 0:01:30]} 14. fxe5 {[%emt 0:01:30]} Nxe5 {[%emt 0:00:30]} 15. Bg5 {[%emt 0:00:00]} Bb7 {[%emt 0:06:30]} 16. Nxe6 {[%emt 0:00:00]} fxe6 {[%emt 0:01:30]} 17. Qxd8 {[%emt 0:02:30]} Raxd8 {[%emt 0:00:30]} 18. Rxf6 {[%emt 0:00:00]} Bxf6 {[%emt 0:00:30]} 19. Bxf6 {[%emt 0:00:00]} Rd2 {[%emt 0:00:30]} 20. Re1 {[%emt 0:02:30]} Rxg2+ {[%emt 0:01:57]} 21. Kf1 {[%emt 0:00:00]} Ng4 {[%emt 0:00:15]} 22. Rxe6 {[%emt 0:10:00]} Rxe6 {[%emt 0:05:21]} 23. Bxe6+ {[%emt 0:00:30]} Kf8 {[%emt 0:00:00]} 24. Bxg4 {[%emt 0:00:10]} Rxg4 {[%emt 0:00:00]} 25. Be5 {[%emt 0:00:00]} Be4 {[%emt 0:02:25]} 26. Nxe4 {[%emt 0:02:34]} Rxe4 {[%emt 0:00:06]} 27. Bc7 {[%emt 0:00:00]} Rc4 {[%emt 0:00:24]} 0-1

[Event "Turkish Super League 2019"]
[Site "Konya"]
[Date "2019.07.28"]
[Round "13"]
[White "Osmak, Iulija"]
[Black "Dordzhieva, Dinara"]
[Result "1/2-1/2"]
[WhiteElo "2395"]
[BlackElo "2306"]
[Annotator "TA"]
[PlyCount "60"]
[EventDate "2019.07.17"]
[EventType "team-tourn"]
[EventCountry "TUR"]
[SourceTitle "playchess.com"]
[Source "ChessBase"]
[SourceQuality "1"]

{[%evp 18,60,40,0,27,25,20,34,24,31,18,26,10,0,0,0,0,19,20,15,8,10,10,8,50,8,8,8,8,8,8,6,8,8,110,8,8,8,8,8,8,8,8,14,13]} 1. e4 c5 2. Nf3 d6 3. d4 cxd4 4. Nxd4 Nf6 5. Nc3 a6 6. f3 ({Predecessor:} 6. Be3 e6 {½-½ (34) Gusan,B (2553)-Siikaluoma,A (2533) ICCF email 2012}) 6... e6 7. Be3 b5 8. Qd2 Nbd7 9. g4 h6 10. O-O-O b4 {B80: Sicilian Scheveningen: 6 g3 and 6 Be3, including English Attack} 11. Nce2 $146 (11. Na4 Ne5 12. Kb1 Bd7 13. b3 Bxa4 14. bxa4 Qc7 15. Be2 Be7 16. h4 Nc4 17. Bxc4 Qxc4 18. Qd3 {1-0 (49) Caruana,F (2802)-Hou,Y (2652) chess.com INT 2017}) 11... Qc7 12. h4 d5 {White is slightly better.} 13. Bf4 e5 14. Bh2 $1 dxe4 15. g5 $1 {[%cal Rg5f6]} hxg5 16. hxg5 Rxh2 $1 17. Rxh2 exd4 18. Rh8 Nd5 $1 {Threatens to win with ...d3.} 19. Qxd4 {[%mdl 64] [#] Double Attack} Bb7 20. fxe4 N5b6 $1 ({Avoid the trap} 20... Rc8 $2 21. Rd2 $18) 21. Qxb4 {With the idea Bh3.} (21. g6 $5 fxg6 22. Qd2 $11) 21... O-O-O $132 {[%mdl 2048] Black is fighting back} 22. Qd4 Qc5 23. e5 {Black should prevent g6!} Qxd4 24. Nxd4 {Black must now prevent e6.} Nxe5 {[#]} 25. Ne6 $1 {[%csl Ge6][%cal Rd1d8][%mdl 512]} Rxd1+ (25... fxe6 26. Rxd8+) 26. Kxd1 Ng6 $1 {The position is equal.} 27. Rxf8+ Nxf8 28. Nxf8 Kd8 $1 29. Bd3 Ke7 30. Nh7 Na4 {Accuracy: White = 85%, Black = 98%.} 1/2-1/2